LEADER 02695nam 2200589 a 450 001 9910446316303321 005 20230721030429.0 010 $a1-281-06040-2 010 $a9786611060404 010 $a1-84593-310-9 035 $a(CKB)1000000000395974 035 $a(EBL)318589 035 $a(OCoLC)276334247 035 $a(SSID)ssj0000112470 035 $a(PQKBManifestationID)11134248 035 $a(PQKBTitleCode)TC0000112470 035 $a(PQKBWorkID)10086929 035 $a(PQKB)11587314 035 $a(MiAaPQ)EBC318589 035 $a(Au-PeEL)EBL318589 035 $a(CaPaEBR)ebr10194737 035 $a(CaONFJC)MIL106040 035 $a(EXLCZ)991000000000395974 100 $a20070425d2007 uy 0 101 0 $aeng 135 $aur|n|---||||| 181 $ctxt 182 $cc 200 00$aBiotechnology and plant disease management$b[electronic resource] /$fedited by Z.K. Punja, S.H. De Boer, and H. Sanfac?on 210 $aCambridge, Mass. $cCabi$dc2007 215 $axi, 574 pages $cillustrations $d1 online resource (589 p.) 300 $aDescription based upon print version of record. 311 $a1-84593-288-9 320 $aIncludes bibliographical references and index. 327 $asection A. Unraveling microbe-plant interaction for applications to disease management -- section B. Molecular diagnostics of plant pathogens for disease management -- section C. Enhancing resistance of plants to pathogens for disease management -- section D. Understanding microbial interactions to enhance disease management. 330 $aAs agricultural production increases to meet the demands of a growing world population, so has the pace of biotechnology research to combat plant disease. Disease can be caused by a variety of complex plant pathogens including fungi, bacteria, viruses and nematodes, and their management. requires the use of techniques in transgenic technology, biochemistry and genetics. While texts exist on specific pathogens or management practices, a comprehensive review is needed of recent developments in modern techniques and the understanding of how pathogens cause disease. This collection of studies disc 606 $aPlant biotechnology 606 $aPlant diseases 615 0$aPlant biotechnology. 615 0$aPlant diseases. 676 $a632/.3 676 $a636 701 $aPunja$b Zamir K$0989897 701 $aDe Boer$b S$g(S. H.)$0989898 701 $aSanfac?on$b He?le?ne$0989899 801 0$bMiAaPQ 801 1$bMiAaPQ 801 2$bMiAaPQ 906 $aBOOK 912 $a9910446316303321 996 $aBiotechnology and plant disease management$92264165 997 $aUNINA LEADER 03130nam 2200637 a 450 001 9910807155603321 005 20200520144314.0 010 $a1-118-50015-6 010 $a1-283-97781-8 010 $a1-118-50016-4 035 $a(CKB)2670000000325451 035 $a(EBL)1112337 035 $a(OCoLC)826856162 035 $a(SSID)ssj0000831582 035 $a(PQKBManifestationID)12406095 035 $a(PQKBTitleCode)TC0000831582 035 $a(PQKBWorkID)10880554 035 $a(PQKB)11255570 035 $a(MiAaPQ)EBC1112337 035 $a(Au-PeEL)EBL1112337 035 $a(CaPaEBR)ebr10648825 035 $a(CaONFJC)MIL429031 035 $a(PPN)178188336 035 $a(EXLCZ)992670000000325451 100 $a20121204d2013 uy 0 101 0 $aeng 135 $aur|n|---||||| 181 $ctxt 182 $cc 183 $acr 200 00$aPlant transposons and genome dynamics in evolution /$feditor, Nina V. Fedoroff 205 $a1st ed. 210 $aHoboken [N.J.] $cWiley-Blackwell$d2013 215 $a1 online resource (240 p.) 300 $aDescription based upon print version of record. 311 $a0-470-95994-0 320 $aIncludes bibliographical references and index. 327 $aThe discovery of transposition / Nina V. Fedoroff -- A field guide to transposable elements / Alan H. Schulman and Thomas Wicker -- The mechanism of Ac/Ds transposition / Thomas Peterson and Jianbo Zhang -- McClintock and epigenetics / Nina V. Fedoroff -- Molecular mechanisms of transposon epigenetic regulation / Robert A. Martienssen and Vicki L. Chandler -- Transposons in plant gene regulation / Damon R. Lisch -- Imprinted gene expression and the contribution of transposable elements / Mary A. Gehring -- Transposons and gene creation / Hugo K. Dooner and Clifford F. Weil -- Transposons in plant speciation / Avraham A. Levy -- Transposons, genomic shock and genome evolution / Nina V. Fedoroff and Jeffrey L. Bennetzen. 330 $aThe transposable genetic elements, or transposons, as they are now known, have had a tumultuous history. Discovered in the mid-20th century by Barbara McClintock, they were initially received with puzzlement. When their genomic abundance began to be apparent, they were categorized as ""junk DNA"" and acquired the label of parasites. Expanding understanding of gene and genome organization has revealed the profound extent of their impact on both. Plant Transposons and Genome Dynamics in Evolution captures and distills the voluminous research literature on plant transposable elements and 606 $aPlant genetics 606 $aPlant genomes 606 $aTransposons 606 $aPlants$xEvolution 615 0$aPlant genetics. 615 0$aPlant genomes. 615 0$aTransposons. 615 0$aPlants$xEvolution. 676 $a581.3/5 701 $aFedoroff$b Nina V$g(Nina Vsevolod),$f1942-$01609836 801 0$bMiAaPQ 801 1$bMiAaPQ 801 2$bMiAaPQ 906 $aBOOK 912 $a9910807155603321 996 $aPlant transposons and genome dynamics in evolution$94090479 997 $aUNINA